000 00298nam a2200121Ia 4500
008 240624s9999 xx 000 0 und d
041 _aeng
082 _a658.15 ANA
100 _aSRINIVASAN ANAND G
245 _aSCHEDULE VI PRACTICE MANUAL
260 _c2012
_aNew Delhi
_bTaxmann
365 _cRS
_b29
999 _c20048
_d20048